000 00499nam a2200181Ia 4500
999 _c29910
_d29910
003 OSt
005 20201127132617.0
008 190216s9999||||xx |||||||||||||| ||und||
020 _a9788122609707
040 _coclc
082 _a894.8123
_bJOS/A
100 _a Joseph, Sarah
_95650
245 0 _aAlahayude Pennmakkal /
_cSarah Joseph
260 _bDc Books,
_c2012.
_aKottayam:
300 _a152p
650 _aNovel
942 _cBK
_2ddc
_h894.8123
_iJOS/A
_k894.8123
_mJOS/A